000 01345cam a2200337 a 4500
001 EDZ0000072197
003 StDuBDS
005 20161031105120.0
006 m||||||||d||||||||
007 cr |||||||||||
008 120412s2007 enk fo| 001|0|eng|d
020 _a9781446211984 (ebook) :
_cNo price
040 _aStDuBDS
_beng
_cStDuBDS
_epn
049 _aAlfaisal Main Library
050 4 _aHD5660.G7
082 0 4 _a331.0112
_223
100 1 _aGollan, Paul.
245 1 0 _aEmployee representation in non-union firms
_h[electronic resource] /
_cPaul Gollan.
260 _aLondon :
_bSAGE,
_cc2007.
300 _a1 online resource (240 p.)
520 8 _aProviding an overview of non-union representation (NER) in the UK, this text scrutinizes NER's impact on organizations at both micro and macro levels, taking account of recent developments in the field.
521 _aSpecialized.
588 _aDescription based on print version record.
504 _aIncludes bibliographical references and index.
650 0 _aManagement
_xEmployee participation
_zGreat Britain.
655 7 _aElectronic books.
_2local
710 2 _aSage eBooks
776 0 8 _iPrint version :
_z9781412903479
856 4 0 _uhttp://ezproxy.alfaisal.edu/login?url=http://sk.sagepub.com/books/employee-representation-in-non-union-firms
942 _2lcc
_cEBOOKS
999 _c479628
_d479628